000 00571nam a22002177a 4500
003 UA-OsUOA
001 39123
007 ta
008 20060608b un ||||| |||| 00| 0 ukr d
100 _aСтадільна Яна
090 _a32
_bС11
942 _cSA
040 _aUA-OsUOA
_bukr
_cUA-OsUOA
_dUA-OsUOA
245 _aУвійти в порт Феодосії дозволив американському судну Єхануров
300 _a5 с.
955 _a0
041 _aukr
080 _a32
773 0 _w39121
650 7 _a32 Політика
_2UDC
999 _c325270
_d325270